| 000 | 00548cam a22001934a 4500 | ||
|---|---|---|---|
| 005 | 20250605164310.0 | ||
| 008 | 250528s ||||||||||||||||||||||||d | ||
| 035 | _a22433 | ||
| 020 | _a9789600107005 | ||
| 040 |
_aGR-AtMCL _bgre _dGR-AtMCL _eAACR2 |
||
| 245 | 1 | _aΝΟΥΣ ΣΤΗΝ ΚΟΙΝΩΝΙΑ: Η ΑΝΑΠΤΥΞΗ ΤΩΝ ΑΝΩΤΕΡΩΝ ΨΥΧΟΛΟΓΙΚΩΝ ΔΙΑΔΙΚΑΣΙΩΝ | |
| 250 | _a1 | ||
| 260 |
_bGutenberg, _c2000 |
||
| 300 | _a224 | ||
| 700 | 1 |
_aVygotsky L.S _9433 |
|
| 942 | _cBK | ||
| 999 |
_c7485 _d7485 |
||